Actualidad administrativa: decisiones destacadas del año 2013
Guardat en:
| Autors principals: | , , |
|---|---|
| Format: | Llibre |
| Idioma: | espanyol |
| Publicat: |
Santiago
Legal Publishing
2014
|
| Edició: | 1a. ed |
| Matèries: | |
| Etiquetes: |
Afegir etiqueta
Sense etiquetes, Sigues el primer a etiquetar aquest registre!
|
MARC
| LEADER | 00000cam a2200000 a 4500 | ||
|---|---|---|---|
| 001 | UCE4010 | ||
| 003 | CL-VaPUC | ||
| 008 | 141003e20140700cl |||||||||||||||||spa|d | ||
| 020 | |a 9789563465303 | ||
| 082 | 0 | 4 | |a 342.83066 |b COR |2 21 |
| 100 | 0 | |a Cordero Vega, Luis Alberto |e author |9 576586 | |
| 700 | 0 | |a Vives G., Tamara |e author |9 576587 | |
| 700 | 0 | |a Ferrari M., Francesca de |e author |9 576588 | |
| 245 | 1 | 0 | |a Actualidad administrativa: decisiones destacadas del año 2013 |
| 250 | |a 1a. ed | ||
| 300 | |a 786 p | ||
| 942 | |c BK | ||
| 945 | |d 20141003 14:18:00 |a arojas | ||
| 260 | |a Santiago |b Legal Publishing |c 2014 | ||
| 650 | 0 | |a Derecho administrativo |9 254851 | |
| 650 | 0 | |a Procedimiento administrativo |9 256132 | |
| 650 | 0 | |a Administración pública |z Chile |9 870021 | |
| 583 | |a last modification |c 20160525 09:56:05 |k Rodrigo Vera | ||
| 999 | |c 357103 |d 357101 | ||
| 952 | |0 0 |1 0 |3 erb |4 0 |6 342_830660000000000_COR_2014 |7 0 |8 A |9 464920 |a BIBDER |b BIBDER |i 511747K |o 342.83066 COR 2014 |p 511747K |r 2023-01-25 |w 2019-11-23 |y BK |z Catalogado en:20141003 |k DER | ||